000 00587nam a22001937a 4500
999 _c180548
_d180548
005 20210811123115.0
010 _aENG-129728
020 _c595.00
_a978-01-99489-42-8
035 _aEN-113260
037 _bDBAD/PUB
082 _a915.304
100 _aV.Muzafer Ahamed
245 _aCamels in the sky:
_cV.Muzafer Ahamed
_bTravels in Arabia/
250 _a2018
260 _bOxford University press
_c2018
_aNew Delhi
270 _a2/11 Ground floor,Ansari Road,Daryaganj
_bNew Delhi
_e110002
300 _axxiv;188p.
_c28cm (pbk)
942 _2ddc
_cEN
_h915.304
_kMUZ